Представление документа в формате RUSMARC

ПолеНазваниеЗначение
  Тип записи a
  Библиографический уровень m
001 Контрольный номер RU/IS/BASE/658851639
005 Дата корректировки 20240207193856.3
010 Индекс ISBN __
a ISBN 5-17-015143-8
b Уточнения в пер.
d Цена 45 р. 00 к.
9 Тираж 5000 экз.
100 Данные общей обработки __
a Данные общей обработки 20201116d2020 ||| 0rusy0189 ca
101 Язык документа 0_
a Язык текста rus
102 Страна публикации __
a Страна публикации RU
105 Кодированные данные (монография) __
a Кодированные данные (монография) y###||||000|y
181 Поле кодированных данных: вид содержания _0
a Код вида содержания (ISBD) i#
b Код характеристики содержания (ISBD) #xxe##
d i
e #
f #
g x
h x
i e
182 Поле кодированных данных: тип средства _0
a Код типа средства (ISBD) n
200 Заглавие и сведения об ответственности 1_
a Заглавие Лебединая дорога
e Сведения, относящиеся к заглавию [исторический роман]
f Первые сведения об ответственности Мария Семёнова
w Текст (визуальный) : непосредственный
203 Вид содержания и тип средства __
a Вид содержания Текст
b Характеристика содержания визуальный
c Тип средства непосредственный
210 Выходные данные 1_
a Место издания Москва
c Издательство АСТ
210 Выходные данные 1_
a Место издания Санкт-Петербург
c Издательство Азбука
d Дата издания 2004
215 Физическое описание __
a Объем 507, [1] с.
c Иллюстрации/тип воспроизводства ил.
d Формат 21 см.
225 Серия 1_
a Серия Азбука
606 Тематические рубрики 1_
a Основная рубрика Русская литература, 20 в. - Проза
608 Указатель предметных рубрик __
a Жанр/форма исторический роман
610 Ключевые слова 1_
a Ключевые слова викинги (х. л.)
a Ключевые слова исторические романы
a Ключевые слова приключения
a Ключевые слова приключенческие романы
a Ключевые слова путешествия (х. л.)
a Ключевые слова русское фэнтези
a Ключевые слова фэнтези
686 Индексы других классификаций __
a Классификационный индекс Р2
2 Код системы rubbk
700 Автор _1
a Фамилия Семёнова
b Имя (инициалы) Мария
g Полное личное имя М.
790 Имя лица - альтернативная форма __
a Имя лица - альтернативная форма Семенова
801 Источник записи _0
a Страна RU
b Организация Ульяновская ОБДЮ
c Дата составления 20201116
g Правила каталогизации RCR
801 Источник записи _1
a Страна RU
b Организация Ульяновская ОБДЮ
c Дата составления 20201116
g Правила каталогизации RCR
852 Данные о местонахождении __
a Наименование организации Ульяновская ОБДЮ
i Авторский знак С 30
j Шифр хранения Р2
901 Тип документа __
t Тип документа m
909 Создатель записи __
a Создатель записи Бондаренко В.А.
910 Корректоры записи __
a Корректор записи Лушникова С.А.
919 __
a Лушникова С.А.
c Бондаренко В.А.
938 Служебная информация __
a Имя БД MarkBase